Insurance management: fundamental concepts, procedures and practices (Record no. 166436)
[ view plain ]
| 000 -LEADER | |
|---|---|
| fixed length control field | 00667nam a2200217Ia 4500 |
| 003 - CONTROL NUMBER IDENTIFIER | |
| control field | OSt |
| 005 - DATE AND TIME OF LATEST TRANSACTION | |
| control field | 20230516150823.0 |
| 008 - FIXED-LENGTH DATA ELEMENTS--GENERAL INFORMATION | |
| fixed length control field | 210423s2014 xx 000 0 und d |
| 020 ## - INTERNATIONAL STANDARD BOOK NUMBER | |
| International Standard Book Number | 978-81-8484-369-9 |
| 040 ## - CATALOGING SOURCE | |
| Transcribing agency | AL |
| 041 ## - LANGUAGE CODE | |
| Language code of text/sound track or separate title | eng |
| 082 ## - DEWEY DECIMAL CLASSIFICATION NUMBER | |
| Classification number | 368 SHAI |
| 100 ## - MAIN ENTRY--PERSONAL NAME | |
| Personal name | SHARMA (K .C);GHALAVAND (Kiyanoush) |
| 9 (RLIN) | 105749 |
| 245 ## - TITLE STATEMENT | |
| Title | Insurance management: fundamental concepts, procedures and practices |
| 260 ## - PUBLICATION, DISTRIBUTION, ETC. | |
| Place of publication, distribution, etc. | New Delhi |
| Name of publisher, distributor, etc. | Regal Publications |
| Date of publication, distribution, etc. | 2014 |
| 300 ## - PHYSICAL DESCRIPTION | |
| Extent | xiv,333p |
| Other physical details | HB |
| 365 ## - TRADE PRICE | |
| Price amount | 1580 |
| Currency code | INR |
| 650 ## - SUBJECT ADDED ENTRY--TOPICAL TERM | |
| Topical term or geographic name entry element | Insurance |
| 9 (RLIN) | 105750 |
| 906 ## - LOCAL DATA ELEMENT F, LDF (RLIN) | |
| a | concepts, ; funamental ; fundamental ; Insurance ; management: ; practices ; procedures |
| 942 ## - ADDED ENTRY ELEMENTS (KOHA) | |
| Source of classification or shelving scheme | Dewey Decimal Classification |
| Koha item type | Book |
| Withdrawn status | Lost status | Damaged status | Not for loan | Collection code | Home library | Current library | Date acquired | Source of acquisition | Cost, normal purchase price | Total Checkouts | Full call number | Barcode | Date last seen | Price effective from | Koha item type |
|---|---|---|---|---|---|---|---|---|---|---|---|---|---|---|---|
| Economics | St Aloysius PG Library | St Aloysius PG Library | 02/18/2015 | Kiran Book Centre | 1580.00 | 368 SHAI | PG012936 | 08/24/2022 | 04/26/2021 | Book |